| 000 | 00596cam a2200229 4500 | ||
|---|---|---|---|
| 001 | 2268465 | ||
| 005 | 20180308033431.0 | ||
| 008 | 720127s1972 nyub b 001 0 eng | ||
| 010 | _a 78165371 | ||
| 020 | _a069006683X | ||
| 040 |
_aDLC _cDLC _dDLC |
||
| 041 | _aeng | ||
| 043 | _an-us--- | ||
| 080 | _a321.020973 ELA | ||
| 082 | 0 | 0 | _a321.020973 ELA |
| 100 | 1 | _a20 | |
| 101 | _aPOL | ||
| 245 | 1 | 0 |
_aAmerican federalism; _c[by] Daniel J. Elazar. |
| 504 | _aBibliography: p. 237-241. | ||
| 906 |
_a7 _bcbc _corignew _d2 _encip _f19 _gy-gencatlg |
||
| 942 |
_2ddc _cBK |
||
| 999 |
_c44376 _d44376 |
||